Memorias y reencuentro : el pasillo en Quito /
Uloženo v:
| Hlavní autoři: | , |
|---|---|
| Korporativní autor: | |
| Médium: | Kniha |
| Jazyk: | Spanish |
| Vydáno: |
Quito :
Museo de la Ciudad,
[2005]
|
| Edice: | Documentos ;
no. 6 |
| Témata: | |
| Tagy: |
Přidat tag
Žádné tagy, Buďte první, kdo vytvoří štítek k tomuto záznamu!
|
MARC
| LEADER | 00000cam a22000004a 4500 | ||
|---|---|---|---|
| 001 | 14911512 | ||
| 005 | 20141117062530.0 | ||
| 008 | 070504s2005 ec a 000 0 spa c | ||
| 020 | |a 9978328041 | ||
| 020 | |a 9789978328040 | ||
| 040 | |a YUS |c YUS |d N15 |d CUY |d DLC |d CRU CIICLA | ||
| 082 | |a 780.986.6 |b G934m | ||
| 100 | 1 | |a Guerrero Gutiérrez, Pablo | |
| 100 | 1 | |a Mullo Sandoval, Juan | |
| 245 | 1 | 0 | |a Memorias y reencuentro : |b el pasillo en Quito / |c texto Pablo Guerrero Gutiérrez, Juan Mullo Sandoval |
| 246 | 3 | 0 | |a Pasillo en Quito |
| 260 | |a Quito : |b Museo de la Ciudad, |c [2005] | ||
| 300 | |a 146 páginas : |b ilustraciones | ||
| 490 | 1 | |a Documentos ; |v no. 6 | |
| 650 | 1 | 4 | |a PASILLOS (MUSICA) |z QUITO (ECUADOR) |x HISTORIA Y CRITICA |
| 650 | 1 | 4 | |a MUSICA POPULAR |x ASPECTOS SOCIALES |z QUITO (ECUADOR) |
| 650 | |a MUSICA ECUATORIANA | ||
| 710 | 1 | 0 | |a Museo de la Ciudad (Quito, Ecuador). |
| 942 | |2 ddc |c BK | ||
| 999 | |c 3574 |d 3574 | ||



